| 000 | 00993nam a2200253 a 4500 | ||
|---|---|---|---|
| 005 | 20090808141642.0 | ||
| 008 | 930617s1993 txua 001 0 eng | ||
| 010 | _aENG-94681 | ||
| 020 | _c360.00 | ||
| 035 | _aEN-78214 | ||
| 037 | _bDBAD / PUB | ||
| 040 |
_adpl _bEnglish |
||
| 082 | _a346.5407 | ||
| 100 | _aMaheshwari, S.N. | ||
| 245 |
_aBusiness law and regulation: _cby S.N. Maheshwari [and] S.K. Maheshwari _b[for MBA JNTU and similar courses] |
||
| 260 |
_aNew Delhi _bHimalaya Publishing House _c2008 |
||
| 270 |
_aPooja Apartments, 4-B, Murari Lal Street, Ansari Road, Daryaganj, _bNew Delhi _e110002 |
||
| 300 |
_aVarious pagings _c26cm(pbk) |
||
| 500 | _aIncludes index | ||
| 650 | _aCommercial law | ||
| 700 | _aMaheshwari, S.K. | ||
| 942 |
_2ddc _cEN _h346.5407 _mBUS |
||
| 999 |
_c29031 _d29031 |
||